=LDR 00000nam 2200000 4500 =001 INLIS000000000027910 =005 20130612130242 =008 ***********************************Ind** =035 ##$$0010-061300000027910 =041 ##$$a Ind =082 ##$$a 511.5 =090 ##$$a 511.5, Wit p =100 ##$$a Witarsa, Arnanto =245 ##$$a Perhitungan pintas, Arnanto Witarso =260 ##$$a 2001 $b Jakarta =300 ##$$a x, 256 hlm, ilus, 21 cm =650 ##$$a Monograph =850 ##$$a NBPNMAT